000 00390nam a2200145Ia 4500
008 130318s9999 xx 000 0 und d
020 _a8178081563
082 _a005.12 BOO/O
100 _aBooch, Grady
245 _aObject oriented analysis and design with applications
250 _a2
260 _bPearson Education
_aNew Delhi
_c2001
300 _a589
650 _aOBJECT ORIENTED ANALYSIS
999 _c284
_d284